Introduction to numerical analysis and scientific computing / (Record no. 23732)

MARC details
000 -LEADER
fixed length control field 02139cam a2200349 i 4500
001 - CONTROL NUMBER
control field 17732782
003 - CONTROL NUMBER IDENTIFIER
control field EG-ScBUE
005 - DATE AND TIME OF LATEST TRANSACTION
control field 20241029091535.0
008 - FIXED-LENGTH DATA ELEMENTS--GENERAL INFORMATION
fixed length control field 130510s2014 flua f b 001 0 eng d
020 ## - INTERNATIONAL STANDARD BOOK NUMBER
International Standard Book Number 9781466589483 (hardback)
020 ## - INTERNATIONAL STANDARD BOOK NUMBER
International Standard Book Number 1466589485 (hardback)
040 ## - CATALOGING SOURCE
Original cataloging agency DLC
Language of cataloging eng
Description conventions rda
Transcribing agency DLC
Modifying agency DLC
-- EG-ScBUE
082 04 - DEWEY DECIMAL CLASSIFICATION NUMBER
Edition number 22
Classification number 518
Item number NAS
100 1# - MAIN ENTRY--PERSONAL NAME
Personal name Nassif, Nabil‏,
Relator term author.
9 (RLIN) 41760
245 10 - TITLE STATEMENT
Title Introduction to numerical analysis and scientific computing /
Statement of responsibility, etc Nabil Nassif, Dolly Khuwayri Fayyad.
264 #1 - PUBLICATION, DISTRIBUTION, ETC. (IMPRINT)
Place of publication, distribution, etc Boca Raton, Florida :
Name of publisher, distributor, etc CRC Press / Taylor & Francis Group, LLC,
Date of publication, distribution, etc 2014.
300 ## - PHYSICAL DESCRIPTION
Extent xix, 311 pages :
Other physical details illustrations ;
Dimensions 24 cm
336 ## - CONTENT TYPE
Source rdacontent
Content type term text
Content type code txt
337 ## - MEDIA TYPE
Media type term unmediated
Source rdamedia
Media type code n
338 ## - CARRIER TYPE
Carrier type term volume
Carrier type code nc
Source rdacarrier
504 ## - BIBLIOGRAPHY, ETC. NOTE
Bibliography, etc Includes bibliographical references and index.<br/>
520 ## - SUMMARY, ETC.
Summary, etc "Designed for a one-semester course on the subject, this classroom-tested text presents fundamental concepts of numerical mathematics and explains how to implement and program numerical methods. Drawing on their years of teaching students in mathematics, engineering, and the sciences, the authors cover floating-point number representations, nonlinear equations, linear algebra concepts, the Lagrange interpolation theorem, numerical differentiation and integration, and ODEs. They also focus on the implementation of the algorithms using MATLAB�"--
520 ## - SUMMARY, ETC.
Summary, etc "This work is the result of several years of teaching a one-semester course on Numerical Analysis and Scienti c Computing, addressed primarily to stu- dents in Mathematics, Engineering, and Sciences. Our purpose is to provide those students with fundamental concepts of Numerical Mathematics and at the same time stir their interest in the art of implementing and programing Numerical Methods"--
590 ## - LOCAL NOTE (RLIN)
Local note Wessam
650 #7 - SUBJECT ADDED ENTRY--TOPICAL TERM
Topical term or geographic name as entry element Numerical analysis
Form subdivision Textbooks.
Source of heading or term BUEsh
9 (RLIN) 41761
650 #7 - SUBJECT ADDED ENTRY--TOPICAL TERM
Topical term or geographic name as entry element Computer science
General subdivision Mathematics
Form subdivision Textbooks.
Source of heading or term BUEsh
9 (RLIN) 33862
651 ## - SUBJECT ADDED ENTRY--GEOGRAPHIC NAME
Source of heading or term BUEsh
653 ## - INDEX TERM--UNCONTROLLED
Resource For college Engineering, General
Arrived date list December2016
655 ## - INDEX TERM--GENRE/FORM
Form subdivision Reading book
700 1# - ADDED ENTRY--PERSONAL NAME
Personal name Fayyad, Dolly Khuwayri‏,
Relator term author.
9 (RLIN) 41759
942 ## - ADDED ENTRY ELEMENTS (KOHA)
Source of classification or shelving scheme Dewey Decimal Classification
Koha item type Book - Borrowing
Holdings
Withdrawn status Lost status Source of classification or shelving scheme Damaged status Not for loan Collection code Home library Current library Shelving location Date acquired Source of acquisition Cost, normal purchase price Serial Enumeration / chronology Total Checkouts Total Renewals Full call number Barcode Date last seen Date checked out Cost, replacement price Price effective from Koha item type
    Dewey Decimal Classification     Baccah Central Library Central Library First floor 25/12/2016 Purchase 840.00 3636 2 2 518 NAS 000045293 15/07/2025 08/05/2019 1050.00 25/12/2016 Book - Borrowing